Le Living Theatre : histoire sans legende.

में बचाया:
ग्रंथसूची विवरण
मुख्य लेखक: Biner, Pierre
स्वरूप: पुस्तक
भाषा:French
प्रकाशित: Lausanne : La Cite, 1968.
श्रृंखला:Theatre vivant
विषय:
LEADER 00801nam a2200229 a 4500
001 c000121380
003 CARM
005 20011002115729.0
008 810322s1968 sz a 000 0 fre d
019 1 |a 6600043  |5 LACONCORD2021 
035 |a (OCoLC)1937524  |5 LACONCORD2021 
040 |a 2509  |b eng  |c 2509  |d 2509 
082 0 4 |a 792.097471 
100 1 |a Biner, Pierre. 
245 0 3 |a Le Living Theatre :  |b histoire sans legende. 
260 |a Lausanne :  |b La Cite,  |c 1968. 
300 |a 279p. :  |b illus. 
490 0 |a Theatre vivant 
610 2 0 |a Living Theatre (New York, N.Y.) 
852 8 |b CARM  |h A2:AL28A0  |i A02790  |p 0203423  |f BK 
999 f f |i 35463a76-a782-53a6-9267-3e9e342b01b4  |s 01d8d8eb-9478-5c53-a455-66471dc72651 
952 f f |p Can circulate  |a CAVAL  |b CAVAL  |c CAVAL  |d CARM 1 Store  |e A02790  |f A2:AL28A0  |h Other scheme  |i book  |m 0203423